000 00350 a2200157 4500
001 69562
020 _a8598553158
040 _cAnchieta - Itaigara
100 _aCedraz, Antônio
240 1 0 _aO presente celestial
_lpor
245 1 0 _aO presente celestial
300 _a27
362 0 _a2006
650 4 _aLiteratura infanto-juvenil
942 _cBK
999 _c69562
_d69562